Travel of the Jubayr (Record no. 2217)

MARC details
000 -LEADER
fixed length control field 00553nam a2200229 a 4500
020 ## - INTERNATIONAL STANDARD BOOK NUMBER
ISBN
082 00 - DEWEY DECIMAL CLASSIFICATION NUMBER
Classification number 915
Author Cutter JUB
100 ## - MAIN ENTRY--AUTHOR NAME
Author name Jubayr, Ibn
245 ## - TITLE STATEMENT
Title Travel of the Jubayr
260 ## - PUBLICATION, DISTRIBUTION, ETC. (IMPRINT)
Place of publication Leiden
Name of publisher Brill
Year of publication 1907
300 ## - PHYSICAL DESCRIPTION
Number of Pages 363p
500 ## - GENERAL NOTE
General note includes index and biblioraphy
505 2# - FORMATTED CONTENTS NOTE
Formatted contents note Index, Memorial Edition
650 ## - SUBJECT ADDED ENTRY--TOPICAL TERM
Topical Term Ibn-Jubayr Description and Travel
942 ## - ADDED ENTRY ELEMENTS (KOHA)
Koha item type Books
Holdings
Home library Current library Date acquired Cost, normal purchase price Full call number Accession Number Koha item type
Henry Martyn Institute Library Henry Martyn Institute Library 06/05/2007 100.00 915 JUB 523 Archive Book
                   Copyright © 2026 | Henry Martyn Institute | Hyderabad | TS-500052 | INDIA | Implemented by hmi.edu.in
Hit-Count:

Powered by Koha